| 000 | 00586nam a2200229Ia 4500 | ||
|---|---|---|---|
| 003 | OSt | ||
| 005 | 20221005132757.0 | ||
| 006 | a|||||r|||| 00| 0 | ||
| 007 | ta | ||
| 008 | 221004b |||||||| |||| 00| 0 tel d | ||
| 024 | _a61672 | ||
| 037 | _cTextual | ||
| 040 |
_aCRL _cCRL _btel |
||
| 041 |
_2tel _atel |
||
| 082 | _aO35,2M75w, 32M1 | ||
| 100 |
_aVenkataraya Sastry Au. _9641617 |
||
| 245 | 0 | _aV V Sashtry | |
| 260 | _c1980 | ||
| 650 | _aTELUGU LITERATURE | ||
| 942 |
_hO35,2M75w, 32M1 _cTEXL _2cc |
||
| 999 |
_c1064769 _d1064769 |
||